000 00434nam a2200157 4500
001 126900
003 ES-MaACL
005 20230906192912.0
007 t|
008 070214q1926 po r ||||1| por d
100 1 _aRibeiro, Manuel.
_996755
245 1 0 _aA revoada dos anjos
_b: crónica umbriana /
_cManuel Ribeiro.
260 _aLisboa :
_bGuimares Editora,
_c[1926?]
300 _a309 p. ;
_c19 cm.
852 _aES-MaACL
_jA-4061
999 _c126900
_d126900